Statistics for Biggest City by Lake

Click here to take the quiz!

General Stats

  • This quiz has been taken 130 times
  • The average score is 12 of 27

Answer Stats

LakeCity% Correct
Lake MichiganChicago
98%
Great Salt LakeSalt Lake City
94%
Lake OntarioToronto
94%
Lake ErieDetroit
89%
Lake GenevaGeneva
88%
Lake VictoriaKampala
81%
Caspian SeaBaku
80%
Lake ManaguaManagua
78%
Lake SuperiorDuluth
65%
MälarenStockholm
57%
Lake PontchartrainNew Orleans
50%
Great Slave LakeYellowknife
40%
Lake Van (Turkey)Van
39%
Lake TahoeCarson City
34%
Tonlé Sap
(Cambodia)
Siem Reap
30%
Lake ChamplainBurlington
29%
MarkermeerAmsterdam
26%
Lake TanganyikaBujumbura
26%
Vättern (Sweden)Jönköping
19%
Lake ConstanceKonstanz
18%
Lake KivuGoma
15%
Lake HuronSarnia
13%
Lake Balkhash
(Kazakhstan)
Balkhash
11%
Lake TiticacaPuno
11%
Vänern (Sweden)Karlstad
8%
Sea of GalileeTiberias
8%
Lake BiwaTakashima
4%

Score Distribution

Percentile by Number Answered

Percent of People with Each Score

Your Score History

You have not taken this quiz